| 000 | 00853cab a2200229 4500 | ||
|---|---|---|---|
| 001 | ABS42038 | ||
| 008 | 090401t1990 xxu||||| |||| 00| 0 eng d | ||
| 035 | _a(Sirsi) u34277 | ||
| 041 | _aeng | ||
| 100 | _aBurton, M. | ||
| 245 | 2 | _aA shining example | |
| 260 | _c1990 | ||
| 350 | _a0 | ||
| 490 |
_aMunicipal Journal _v12 January 1990, 63, 70(2) |
||
| 520 | _aDiscusses the role of local authorities in promoting local business following a change of attitude by Government. Environment minister, Chris Patten now seeks to encourage councils to partner industry and promote their area. The case of Clwyd CC is used as an example of the success of council/business partnerships . | ||
| 650 | _aECONOMIC DEVELOPMENT | ||
| 650 | _aJOINT VENTURES | ||
| 650 | _aWALES | ||
| 690 | _aPLANNING LAW AND PRACTICE | ||
| 942 | _n0 | ||
| 948 | _c04/03/1997 | ||
| 999 |
_c22728 _d22728 |
||